Philippines : 2015 Article IV Consultation-Press Release; Staff Report; and Statement by the Executive Director for the Philippines.

This 2015 Article IV Consultation highlights that the Philippine economy continues to expand strongly in line with potential growth. Real GDP grew by 6.1 percent in 2014, driven by household consumption, private construction, and exports of goods and services. Economic growth slowed in the first qua...

Descripció completa

Dades bibliogràfiques
Autor corporatiu: International Monetary Fund. Asia and Pacific Dept
Format: Revista
Idioma:English
Publicat: Washington, D.C. : International Monetary Fund, 2015.
Col·lecció:IMF Staff Country Reports; Country Report ; No. 2015/246
Accés en línia:Full text available on IMF
LEADER 01896cas a2200241 a 4500
001 AALejournalIMF015488
008 230101c9999 xx r poo 0 0eng d
020 |c 5.00 USD 
020 |z 9781513591728 
022 |a 1934-7685 
040 |a BD-DhAAL  |c BD-DhAAL 
110 2 |a International Monetary Fund.  |b Asia and Pacific Dept. 
245 1 0 |a Philippines :   |b 2015 Article IV Consultation-Press Release; Staff Report; and Statement by the Executive Director for the Philippines. 
264 1 |a Washington, D.C. :  |b International Monetary Fund,  |c 2015. 
300 |a 1 online resource (75 pages) 
490 1 |a IMF Staff Country Reports 
500 |a <strong>Off-Campus Access:</strong> No User ID or Password Required 
500 |a <strong>On-Campus Access:</strong> No User ID or Password Required 
506 |a Electronic access restricted to authorized BRAC University faculty, staff and students 
520 3 |a This 2015 Article IV Consultation highlights that the Philippine economy continues to expand strongly in line with potential growth. Real GDP grew by 6.1 percent in 2014, driven by household consumption, private construction, and exports of goods and services. Economic growth slowed in the first quarter of 2015, owing mainly to temporary factors, including the effects of dry weather on agricultural production, weak global demand for exports, and slow budget execution. The outlook for the Philippine economy remains favorable despite uneven and generally weaker global growth prospects. Real GDP is projected to grow by 6.2 percent in 2015, as lower commodity prices lift household consumption and improved budget execution raises public spending. 
538 |a Mode of access: Internet 
830 0 |a IMF Staff Country Reports; Country Report ;  |v No. 2015/246 
856 4 0 |z Full text available on IMF  |u http://elibrary.imf.org/view/journals/002/2015/246/002.2015.issue-246-en.xml  |z IMF e-Library